Utah's changing economic patterns, 1964 /

Bibliographic Details
Main Author: Nelson, ElRoy, 1905-1986
Other Authors: Harline, Osmond, L.
Format: Book
Language:English
Published: Salt Lake City : University of Utah Press, [1964]
Subjects:

MARC

Tag First Indicator Second Indicator Subfields
LEADER 00000cam a2200000 4500
001 in00000065786
005 20151008050736.0
008 741113s1964 utu b 00000 eng u
010 |a  65002067  
035 |a (OCoLC)01073727 
035 |9 AAG3036AM 
040 |c KSU  |d TXA  |d UtOrBLW 
049 |a TXAM [413222] 
050 0 |a HC107.U8  |b N397 
092 |a 330.9792  |b N425u 
100 1 |a Nelson, ElRoy,  |d 1905-1986. 
245 1 0 |a Utah's changing economic patterns, 1964 /  |c by Elroy Nelson and Osmond L. Harline, in cooperation with the University of Utah Bureau of Economic and Business Research, the Natural Resources Council of the Utah Chambers of Commerce Executive Association, and the University of Utah Press. 
264 1 |a Salt Lake City :  |b University of Utah Press,  |c [1964] 
300 |a x, 89 pages :  |b maps. ;  |c 27 cm. 
336 |a text  |b txt  |2 rdacontent 
337 |a unmediated  |b n  |2 rdamedia 
338 |a volume  |b nc  |2 rdacarrier 
500 |a "A supplement to ... [the author's] Utah's economic patterns published in 1956." 
651 0 |a Utah  |x Economic conditions. 
700 1 |a Harline, Osmond, L. 
700 1 |a Nelson, ElRoy,  |d 1905-1986.  |t Utah's economic patterns. 
999 |a MARS 
999 f f |s 0cba080d-eaf6-3f76-ac6e-6ab858677a76  |i fd8d8579-33a1-3d4b-9ad6-37b13cd6d221  |t 0 
952 f f |p ric  |a Texas A&M University  |b Rellis Campus  |c Joint Library Facility  |d Remote Storage  |t 0  |e HC107.U8 N397  |h Library of Congress classification  |i unmediated -- volume  |m A14800709986 
998 f f |a HC107.U8 N397  |t 0  |l Remote Storage